LEADER 01433nam a2200313 i 4500 001 991003095849707536 008 071206s2005 it 000 0 ita d 020 $a8871432576 035 $ab13628598-39ule_inst 040 $aSet. Economia - SAGA$bita 082 04$a333.79 100 1 $aLucangelo, Rossella$0626970 245 10$aEnergia & ICT :$bil grande legame invisibile /$cRossella Lucangelo, Enrico Salsi, Irene Rossi ; prefazioni a cura di Marco Esposito e Alessandro Musumeci 246 3 $aEnergia e ICT 260 $aMilano :$bBE-MA,$c2005 300 $a140 p. ;$c24 cm 504 $aBibliografia: p. 138-140 650 04$aAziende industriali$xInnovazioni tecnologiche 650 04$aEnergia elettrica$xImpiego industriale 650 04$aAziende industriali$xSicurezza$xGestione 700 1 $aSalsi, Enrico$eauthor$4http://id.loc.gov/vocabulary/relators/aut$0738893 700 1 $aRossi, Irene$eauthor$4http://id.loc.gov/vocabulary/relators/aut$0738894 907 $a.b13628598$b19-12-16$c06-12-07 912 $a991003095849707536 945 $aLE025 ECO 333.7 LUC01.01$g1$i2025000213937$lle025$nInvoice n. 38177, 28/12/2006$og$pE19.50$q-$rl$s- $t0$u7$v3$w7$x0$y.i14629392$z06-12-07 945 $aLE006 621.3.5 LUC$g1$i2006000172776$lle006$og$pE19.50$q-$rl$s- $t0$u0$v0$w0$x0$y.i1579202x$z19-12-16 996 $aEnergia & ICT$91463722 997 $aUNISALENTO 998 $ale025$ale006$b06-12-07$cm$da $e-$fita$git $h0$i0 LEADER 01941nam 2200421Ia 450 001 996396769803316 005 20221108044900.0 035 $a(CKB)4330000000331231 035 $a(EEBO)2240865063 035 $a(UnM)9929104100971 035 $a(UnM)99899632 035 $a(EXLCZ)994330000000331231 100 $a19981030d1697 uy | 101 0 $aeng 135 $aurbn||||a|bb| 200 12$aA treatise of the causes of incredulity$b[electronic resource] $eWherein are examin'd the general motives and occasions which dispose unbelievers to reject the Christian religion. With two letters, containing a direct proof of the truth of Christianity. Translated from the French of Monsieur Le Clerc 210 $aLondon $cprinted for A. and J. Churchill, and sold by Edward Castle next Scotland-yard by Whitehall$dMDCXCVII. [1697] 215 $aviii, 327, [1] p 300 $aA translation of: Le Clerc, Jean. De l'incre?dulite?, ou? l'on examine les motifs et les raisons ge?ne?rales qui portent les incre?dules a? rejetter la religion chre?tienne, avec deux lettres ou? l'on en prouve directement la ve?rite?. 300 $aIncludes table of contents. 300 $aA reissue, with cancel title page, of the edition without imprint name "Edward Castle". 300 $aCopy filmed at UMI microfilm Early English Books 1641-1700 reel 2407 lacks pages vii and viii. 300 $aReproduction of original in the Folger Shakespeare Library. 330 $aeebo-0055 606 $aFaith$vEarly works to 1800 606 $aTruth$vEarly works to 1800 606 $aChristianity$vEarly works to 1800 615 0$aFaith 615 0$aTruth 615 0$aChristianity 700 $aLe Clerc$b Jean$f1657-1736.$0291787 801 0$bCu-RivES 801 1$bCu-RivES 801 2$bWaOLN 906 $aBOOK 912 $a996396769803316 996 $aA treatise of the causes of incredulity$92299961 997 $aUNISA